| 000 | 00704nam a2200217 a 4500 | ||
|---|---|---|---|
| 005 | 20240924071042.0 | ||
| 008 | 011001s2000 r 000 0 eng d | ||
| 020 | _a9879065786 | ||
| 035 | _aUPN01000112270 | ||
| 049 | _aCG | ||
| 050 | 4 |
_aP85 S2 _bG6.38 |
|
| 100 | 1 | _aGordon, W. Terrence | |
| 245 | 1 | 0 |
_aFerdinand de Saussure para principiantes / _cW. Terrence Gordon, Abbe Lubell ; tr Leandro Wolfson. |
| 260 |
_aBuenos Aires : _bEra Naciente. _c2000. |
||
| 300 |
_a127 p. : _eil. |
||
| 440 | 0 |
_aDocumentales ilustrados ; _v65 |
|
| 600 | 1 | 4 |
_aSAUSSURE, FERDINAND DE, _d1857-1913 - _xCRITICA E INTERPRETACION _97199 |
| 650 | 4 |
_aLingüística _96151 |
|
| 700 | 1 |
_aLubell, Abbe, _ecoaut. |
|
| 905 | _aLibro | ||
| 999 |
_c86178 _d86178 |
||